000 00618nam a2200217Ii 4500
003 JO-AjNU
008 230606s9999||||xx |||||||||||||| ||und||
020 _a978-1-119-80546-5
040 _aJO-AjNU
_beng
_erda
_cJO-AjNU
041 _aeng
050 1 4 _aQA76.9.2021
100 3 _a Reynolds, Maxie,
_eauthor
_96509
245 0 4 _aThe Art of Attack: Attacker Mindset For Security Professionals
250 _a1ed
264 3 1 _aUnited States: Wiley, 2021
300 _a284p
336 _atext
_btxt
_2rdacontent
337 _aunmediated
_bn
_2rdamedia
338 _avolume
_bnc
_2rdacarrier
650 4 _aThe Art
_96510
999 _aE3379
_c3375
_d3375